| 000 | 00613nam a22002057a 4500 | ||
|---|---|---|---|
| 999 |
_c526174 _d526174 |
||
| 003 | NUST | ||
| 005 | 20190709063425.0 | ||
| 008 | 190709b ||||| |||| 00| 0 eng d | ||
| 020 | _a929-1474-163-7 | ||
| 038 | _aWaseem | ||
| 082 |
_a891.4309 _bANA |
||
| 100 |
_aJaved, Anam ul Haq _917146 |
||
| 245 |
_aBerone Mamalik Mein Urdu / _cAnam ul Haq Javed |
||
| 260 |
_aRawalpindi : _bMuqtidra Qomi Zaban Publisher, _c1996. |
||
| 300 | _a504 p. : | ||
| 500 | _aHardcover. | ||
| 880 |
_6100-01\r _aانعام الحق جاوید |
||
| 880 |
_6245-02\r _aبیرونی ممالک میں اردو / |
||
| 942 |
_2ddc _cBK |
||